000 00453nam a2200133 a 4500
008 120416s1979 ||||||||||||||||| || u
050 _aHG 153 Ray
100 _aRay, Marvin E
245 1 0 _aFinance
260 _aCambridge, Mass.
_bWinthrop
_c1979
300 _axi, 278p. : ill.
350 _a0.00
995 _D0.00
_FCBU-MAIN LIBRARY (Kitwe)
_H1
_I0.00
_M1
_UAVAILABLE
_ZMain Library Open Access Collection
999 _c43279
_d43279